=LDR 00000nam 2200000 4500 =001 INLIS000000000049707 =005 20170320101058.0 =006 =007 =008 =035 ##$$0010-031700000000152 =040 ##$$a NBPDMAT =082 ##$$a 355.6 =090 ##$$a 355.6 Sud d =100 ##$$a Sudirman =245 ##$$a Dasar hukum pengaturan fungsi TNI Polri setelah perubahan kedua Undang-Undang Dasar 1945 $c Sudirman =260 ##$$a Jakarta $b Bania Publishing $c 2014 =300 ##$$a ix, 376 hlm. $c 21 cm. =500 ##$$a Biliografi : hlm. 363 - 376 =650 ##$$a Administrasi Militer =850 ##$$a NBPDMAT